객관식 도시 퀴즈 – 부산 - Statistics

General Stats
  • This quiz has been taken 29 times
  • The average score is 9 of 10
Answer Stats
Question Answer % Correct
부산은 무엇으로 가장 유명한가요? 해변과 항구
100%
알록달록한 집들과 활기찬 벽화로 유명한 명소는 어디인가요? 감천문화마을
100%
부산과 관련이 깊은 전통 음식은 무엇인가요? 돼지국밥
100%
부산에서 가장 큰 대학은 어디인가요? 부산대학교
100%
세계 영화를 기념하며 매년 부산에서 열리는 유명한 축제는 무엇인가요? 부산국제영화제
96%
한국전쟁 당시 부산은 어떤 역할을 했나요? 임시 수도
96%
부산의 기후는 다음 중 어디에 속하나요? 온난 습윤
96%
부산을 가로지르는 강은 무엇인가요? 낙동강
89%
다음 사진 중 부산에서 가장 큰 해변인 해운대 해수욕장은 무엇인가요?
44%
부산의 해안선은 어떤 바다와 접해 있나요? 대한해협
44%
No matching quizzes found
Score Distribution
Percent of People with Each Score
Percentile by Number Answered
Your Score History
You have not taken this quiz